|
|
|
|
| LEADER |
000000am a2200000 a 4500 |
| 001 |
20263 |
| 005 |
20231129063504.0 |
| 008 |
985112|1984 ||||||||r|||||||||||spa|| |
| 040 |
|
|
|b spa
|
| 041 |
0 |
|
|a Es
|
| 082 |
0 |
|
|a 641.1
|b Barr
|
| 100 |
1 |
|
|a Barraclough, Solon.
|9 66334
|
| 245 |
1 |
1 |
|a Un análisis preliminar del sistema alimentario en Nicaragua
|c Solon Barraclough
|h imp
|
| 264 |
|
|
|a Ginebra
|b Instituto de Investigaciones de las Naciones Unidas para el Desarrollo Social
|c 1984
|
| 300 |
|
|
|a xxiii; 156 páginas:
|b ilus., tbls.
|
| 500 |
|
|
|a Informe # 83.1
|
| 650 |
1 |
0 |
|a Alimentación
|9 12407
|
| 650 |
1 |
|
|a Nicaragua
|9 4321
|
| 650 |
1 |
7 |
|a Nutrición
|9 1204
|
| 852 |
|
|
|a UC-SALUD
|f donación
|k mariana.feican
|l 1
|m General
|p 19851125
|q S/. 50
|t 20263
|b 0
|d CDRS
|e CDRS
|g 641.1 Barr
|z 1985-51-12
|
| 942 |
|
|
|c BK
|
| 999 |
|
|
|c 48889
|d 48889
|